00779nam a22002417a 4500003001100000005001700011008004100028020001800069040003900087041000800126082001800134100002200152245009700174260003900271300004400310650001500354650001500369700001900384700001900403942000700422952009300429999001500522LK-CoMWRAF20231113123516.0230927b2004 |||||||| |||| 00| 0 eng d a9780787974275 aLK-CoMWRAFdLK-CoMWRAFeLK-CoMWRAF aeng a658.4092bDOT aDotlich, David L. aLeadership Passages: bthe personal and professional transitions that make or break a leader aSan Francisco:bJossey-Bass,c2004 a232 p.bBibliography and index included aLEADERSHIP aManagement aNoel, James L. aWalker, Norman cBK 00104070aMAINbMAINd2023-09-28l0o658.4092 DOTpRAF1517r2023-09-28w2023-09-28yBK c3705d3705